000 00844nam a22002297a 4500
005 20100724123014.0
010 _aENG-96670
020 _a9780070706743
020 _a0-07-0706743
_c275.00
035 _aEN-80203
037 _bDBAD/PUB
082 _a306.85
100 _aMckie, Linda
_91223
245 _aFamilies, violence and social change /
_cby Linda Mckie
260 _aNew Delhi
_bTata McGraw Hill Education
_c2010
270 _a7 West Patel Nagar
_bDelhi
_e110053
300 _axiii, 178p.
_c23cm. (Pbk)
490 _aIssues in society; edited by Tim May
_91224
500 _aincludes bibliographical references and index
942 _2ddc
_cEN
_h306.85
_mMCK
999 _c37540
_d37540